[Event "MCR mladeze v rapidu 2019"]
[Site "Trest"]
[Date "2019.09.08"]
[Round "8"]
[White "Vavrinkova, Marie"]
[Black "Stavova, Marketa"]
[Result "1-0"]
[BlackElo "1341"]
[WhiteElo "1319"]
[LiveChessVersion "1.4.8"]

1. d4 {[%clk 0:20:08]} Nf6 {[%clk 0:17:41]} 2. c4 {[%clk 0:20:07]} g6
{[%clk 0:17:43]} 3. Nf3 {[%clk 0:20:04]} Bg7 {[%clk 0:17:45]} 4. Bg5
{[%clk 0:19:55]} O-O {[%clk 0:17:46]} 5. e3 {[%clk 0:19:58]} c6 {[%clk 0:17:29]}
6. Nc3 {[%clk 0:19:54]} e6 {[%clk 0:17:17]} 7. e4 {[%clk 0:19:39]} d6
{[%clk 0:17:18]} 8. Bd3 {[%clk 0:19:00]} Qc7 {[%clk 0:17:09]} 9. O-O
{[%clk 0:18:40]} e5 {[%clk 0:17:09]} 10. d5 {[%clk 0:18:31]} cxd5
{[%clk 0:17:10]} 11. cxd5 {[%clk 0:18:34]} Bd7 {[%clk 0:16:42]} 12. Rc1
{[%clk 0:18:30]} Qd8 {[%clk 0:16:34]} 13. Qb3 {[%clk 0:18:01]} b6
{[%clk 0:16:19]} 14. h3 {[%clk 0:17:25]} a5 {[%clk 0:15:35]} 15. Qa3
{[%clk 0:16:43]} Bc8 {[%clk 0:14:24]} 16. Nb5 {[%clk 0:16:33]} Ba6
{[%clk 0:14:11]} 17. Rfd1 {[%clk 0:15:34]} Bxb5 {[%clk 0:13:53]} 18. Bxb5
{[%clk 0:15:32]} Qe7 {[%clk 0:13:09]} 19. Bc6 {[%clk 0:15:07]} Ra7
{[%clk 0:12:51]} 20. Qb3 {[%clk 0:14:43]} Nxc6 {[%clk 0:12:35]} 21. Rxc6
{[%clk 0:14:30]} Qd7 {[%clk 0:12:04]} 22. Bxf6 {[%clk 0:14:20]} Bxf6
{[%clk 0:12:07]} 23. Rxb6 {[%clk 0:13:58]} Rc8 {[%clk 0:11:40]} 24. Qb5
{[%clk 0:13:20]} Qe7 {[%clk 0:10:23]} 25. Rb8 {[%clk 0:12:27]} Qc7
{[%clk 0:09:46]} 26. Rxc8+ {[%clk 0:12:24]} Qxc8 {[%clk 0:09:49]} 27. Qb6
{[%clk 0:12:08]} Ra8 {[%clk 0:09:27]} 28. Qxd6 {[%clk 0:12:04]} Bg7
{[%clk 0:09:08]} 29. Qc6 {[%clk 0:11:07]} Qd8 {[%clk 0:08:18]} 30. d6
{[%clk 0:11:00]} Rc8 {[%clk 0:08:16]} 31. Qa4 {[%clk 0:10:25]} Ra8
{[%clk 0:07:05]} 32. Rd5 {[%clk 0:10:16]} Qc8 {[%clk 0:05:03]} 33. d7
{[%clk 0:10:04]} Qc7 {[%clk 0:05:01]} 34. b4 {[%clk 0:09:41]} Bf6
{[%clk 0:04:20]} 35. Rc5 {[%clk 0:08:38]} Qb7 {[%clk 0:03:51]} 36. Rxa5
{[%clk 0:07:51]} Rxa5 {[%clk 0:03:45]} 37. Qxa5 {[%clk 0:07:49]} Qxd7
{[%clk 0:03:39]} 38. a4 {[%clk 0:07:33]} Qc6 {[%clk 0:03:03]} 39. Nxe5
{[%clk 0:06:07]} Qc1+ {[%clk 0:02:51]} 40. Kh2 {[%clk 0:05:42]} Qf4+
{[%clk 0:02:54]} 41. Kh1 {[%clk 0:05:28]} Qxe5 {[%clk 0:02:56]} 42. Qa8+
{[%clk 0:05:25]} Kg7 {[%clk 0:02:58]} 43. Qd5 {[%clk 0:05:15]} Qa1+
{[%clk 0:02:50]} 44. Kh2 {[%clk 0:05:11]} Qxa4 {[%clk 0:02:48]} 45. e5
{[%clk 0:05:01]} Bg5 {[%clk 0:02:06]} 46. e6 {[%clk 0:04:24]} Kh6
{[%clk 0:01:40]} 47. exf7 {[%clk 0:03:54]} Qxb4 {[%clk 0:01:20]} 48. g3
{[%clk 0:03:19]} Kg7 {[%clk 0:00:53]} 49. Qxg5 {[%clk 0:02:48]} Kxf7
{[%clk 0:00:44]} 50. Qd5+ {[%clk 0:02:39]} Kf6 {[%clk 0:00:38]} 51. Qf3+
{[%clk 0:02:25]} Kg7 {[%clk 0:00:35]} 52. h4 {[%clk 0:02:21]} h5 {[%clk 0:00:27]}
53. Kh3 {[%clk 0:02:18]} Qb5 {[%clk 0:00:09]} 54. Qc3+ {[%clk 0:02:14]} Kh6
{[%clk 0:00:09]} 55. Qh8# 1-0

[Event "MCR mladeze v rapidu 2019"]
[Site "Trest"]
[Date "2019.09.08"]
[Round "8"]
[White "Garabik, Marek"]
[Black "Delgerdalai, Bayarjavkhlan"]
[Result "1/2-1/2"]
[BlackElo "1491"]
[WhiteElo "1413"]
[LiveChessVersion "1.4.8"]

1. e4 {[%clk 0:20:09]} e5 {[%clk 0:20:08]} 2. Nf3 {[%clk 0:20:08]} Nc6
{[%clk 0:20:11]} 3. d4 {[%clk 0:20:12]} exd4 {[%clk 0:20:12]} 4. Nxd4
{[%clk 0:20:15]} Bc5 {[%clk 0:20:12]} 5. Nb3 {[%clk 0:20:16]} Bb6
{[%clk 0:20:12]} 6. Qe2 {[%clk 0:20:11]} d6 {[%clk 0:20:04]} 7. a4
{[%clk 0:20:07]} a5 {[%clk 0:19:57]} 8. Nc3 {[%clk 0:20:07]} h6 {[%clk 0:19:33]}
9. g3 {[%clk 0:18:45]} Nf6 {[%clk 0:19:12]} 10. Bg2 {[%clk 0:18:42]} Qe7
{[%clk 0:18:34]} 11. O-O {[%clk 0:18:21]} O-O {[%clk 0:18:27]} 12. Be3
{[%clk 0:17:07]} Bxe3 {[%clk 0:17:32]} 13. Qxe3 {[%clk 0:17:08]} Be6
{[%clk 0:16:56]} 14. f3 {[%clk 0:15:55]} Rad8 {[%clk 0:15:49]} 15. Rfe1
{[%clk 0:15:31]} Rfe8 {[%clk 0:15:39]} 16. Rad1 Bxb3 {[%clk 0:14:42]} 17. cxb3
{[%clk 0:15:03]} d5 {[%clk 0:13:52]} 18. Qf2 {[%clk 0:13:21]} dxe4
{[%clk 0:12:26]} 19. Rxd8 {[%clk 0:12:56]} Rxd8 {[%clk 0:12:20]} 20. Nxe4
{[%clk 0:12:56]} Nxe4 {[%clk 0:11:51]} 21. Rxe4 {[%clk 0:12:21]} Qd6
{[%clk 0:11:19]} 22. Bf1 {[%clk 0:11:23]} b6 {[%clk 0:09:46]} 23. Re3
{[%clk 0:09:55]} Qd4 {[%clk 0:07:38]} 24. Bb5 {[%clk 0:06:08]} Qd1+
{[%clk 0:03:23]} 25. Re1 {[%clk 0:04:56]} Qd6 {[%clk 0:03:21]} 26. Bxc6
{[%clk 0:04:39]} Qxc6 {[%clk 0:03:20]} 27. Qe3 {[%clk 0:04:00]} Qd6
{[%clk 0:02:51]} 28. Kf2 {[%clk 0:03:52]} Qd2+ {[%clk 0:01:51]} 29. Qxd2
{[%clk 0:03:55]} Rxd2+ {[%clk 0:01:53]} 30. Re2 {[%clk 0:03:59]} Rd3
{[%clk 0:01:45]} 31. Re3 {[%clk 0:04:01]} Rd2+ {[%clk 0:01:34]} 32. Re2
{[%clk 0:04:05]} Rd3 {[%clk 0:01:13]} 33. Re7 Rxb3 {[%clk 0:01:01]} 34. Rxc7
{[%clk 0:03:54]} Rxb2+ {[%clk 0:01:04]} 35. Kg1 {[%clk 0:03:58]} Ra2
{[%clk 0:00:40]} 36. Rb7 {[%clk 0:03:57]} Rxa4 {[%clk 0:00:41]} 37. Rxb6
{[%clk 0:04:02]} Ra2 {[%clk 0:00:36]} 38. Ra6 {[%clk 0:04:04]} a4
{[%clk 0:00:39]} 39. Kh1 {[%clk 0:04:02]} a3 {[%clk 0:00:41]} 40. f4
{[%clk 0:04:03]} Kh7 {[%clk 0:00:36]} 41. Kg1 {[%clk 0:03:49]} f6
{[%clk 0:00:25]} 42. h3 {[%clk 0:03:12]} h5 {[%clk 0:00:25]} 43. g4
{[%clk 0:03:11]} Kh6 {[%clk 0:00:26]} 44. Ra5 {[%clk 0:02:53]} hxg4
{[%clk 0:00:28]} 45. hxg4 {[%clk 0:02:56]} Kg6 {[%clk 0:00:24]} 46. g5
{[%clk 0:02:41]} fxg5 {[%clk 0:00:25]} 47. Rxg5+ {[%clk 0:02:15]} Kf6
{[%clk 0:00:29]} 48. Ra5 {[%clk 0:02:19]} g6 {[%clk 0:00:29]} 49. Kf1
{[%clk 0:02:19]} Rb2 {[%clk 0:00:30]} 50. Rxa3 {[%clk 0:02:14]} Rb4
{[%clk 0:00:30]} 51. Rf3 {[%clk 0:02:10]} Kf5 {[%clk 0:00:35]} 52. Kg1
{[%clk 0:01:50]} Rxf4 {[%clk 0:00:36]} 53. Ra3 {[%clk 0:01:54]} g5
{[%clk 0:00:36]} 54. Ra5+ {[%clk 0:01:58]} Kg4 {[%clk 0:00:40]} 55. Ra8
{[%clk 0:02:02]} Kg3 {[%clk 0:00:36]} 56. Ra3+ {[%clk 0:02:05]} Rf3
{[%clk 0:00:33]} 57. Ra2 {[%clk 0:02:03]} g4 {[%clk 0:00:30]} 58. Rg2+
{[%clk 0:02:07]} Kf4 {[%clk 0:00:33]} 59. Ra2 {[%clk 0:02:06]} Re3
{[%clk 0:00:25]} 60. Kg2 {[%clk 0:01:59]} Re4 {[%clk 0:00:22]} 61. Rf2+
{[%clk 0:01:59]} Kg5 {[%clk 0:00:26]} 62. Ra2 {[%clk 0:02:01]} Kh4
{[%clk 0:00:27]} 63. Ra8 {[%clk 0:02:01]} g3 {[%clk 0:00:29]} 64. Rh8+
{[%clk 0:02:02]} Kg4 {[%clk 0:00:31]} 65. Rg8+ {[%clk 0:02:06]} Kf4
{[%clk 0:00:33]} 66. Rxg3 {[%clk 0:01:59]} Re2+ {[%clk 0:00:36]} 67. Kh3
{[%clk 0:02:02]} Re3 {[%clk 0:00:36]} 68. Rxe3 {[%clk 0:02:04]} Kxe3
{[%clk 0:00:40]} 1/2-1/2

[Event "MCR mladeze v rapidu 2019"]
[Site "Trest"]
[Date "2019.09.08"]
[Round "8"]
[White "Stary, Vojtech"]
[Black "Zelba, Lukas"]
[Result "0-1"]
[BlackElo "1656"]
[WhiteElo "1460"]
[LiveChessVersion "1.4.8"]

1. e4 {[%clk 0:20:08]} e6 {[%clk 0:20:10]} 2. d4 {[%clk 0:20:11]} d5
{[%clk 0:20:14]} 3. exd5 {[%clk 0:20:15]} exd5 {[%clk 0:20:18]} 4. Bd3
{[%clk 0:20:18]} Nc6 {[%clk 0:20:19]} 5. Ne2 {[%clk 0:20:17]} Nf6
{[%clk 0:20:12]} 6. Bg5 {[%clk 0:20:15]} Be7 {[%clk 0:20:15]} 7. Nbc3
{[%clk 0:19:45]} Bg4 {[%clk 0:20:16]} 8. f3 {[%clk 0:19:48]} Bh5 {[%clk 0:20:17]}
9. Qd2 {[%clk 0:19:29]} Bg6 {[%clk 0:19:58]} 10. O-O-O {[%clk 0:17:56]} Bxd3
{[%clk 0:19:52]} 11. Qxd3 {[%clk 0:17:52]} Qd7 {[%clk 0:19:52]} 12. Kb1
{[%clk 0:16:47]} O-O-O {[%clk 0:19:49]} 13. Ng3 {[%clk 0:13:19]} h6
{[%clk 0:19:21]} 14. Bxf6 {[%clk 0:12:28]} Bxf6 {[%clk 0:19:22]} 15. Nce2
{[%clk 0:10:06]} Rde8 {[%clk 0:18:44]} 16. Rhe1 {[%clk 0:08:36]} g6
{[%clk 0:17:57]} 17. c3 {[%clk 0:07:49]} Re7 {[%clk 0:17:08]} 18. Nc1
{[%clk 0:05:16]} Rhe8 {[%clk 0:16:11]} 19. Rxe7 {[%clk 0:05:08]} Bxe7
{[%clk 0:16:04]} 20. Nb3 {[%clk 0:04:37]} Nd8 {[%clk 0:15:40]} 21. Re1
{[%clk 0:04:06]} Bd6 {[%clk 0:15:28]} 22. Rxe8 {[%clk 0:04:02]} Qxe8
{[%clk 0:15:31]} 23. Qd2 {[%clk 0:03:37]} h5 {[%clk 0:14:57]} 24. Nf1
{[%clk 0:03:17]} Ne6 {[%clk 0:14:25]} 25. Qe2 {[%clk 0:02:49]} Ng7
{[%clk 0:12:08]} 26. Qxe8+ {[%clk 0:02:48]} Nxe8 {[%clk 0:12:12]} 27. h3
{[%clk 0:02:24]} Bf4 {[%clk 0:12:00]} 28. Kc2 {[%clk 0:02:01]} b6
{[%clk 0:11:17]} 29. Nc1 {[%clk 0:01:41]} Nd6 {[%clk 0:10:54]} 30. Ne2
{[%clk 0:01:41]} Bh6 {[%clk 0:10:56]} 31. b3 {[%clk 0:01:38]} Kd7
{[%clk 0:10:45]} 32. Kd3 {[%clk 0:01:14]} c5 {[%clk 0:08:44]} 33. Ne3
{[%clk 0:00:29]} Bxe3 {[%clk 0:08:46]} 34. Kxe3 {[%clk 0:00:31]} Nf5+
{[%clk 0:08:51]} 35. Kf2 {[%clk 0:00:23]} Kd6 {[%clk 0:08:12]} 36. g4
{[%clk 0:00:25]} hxg4 {[%clk 0:08:12]} 37. fxg4 {[%clk 0:00:27]} Ng7
{[%clk 0:08:06]} 38. Kf3 {[%clk 0:00:26]} Ne6 {[%clk 0:07:52]} 39. dxc5+
{[%clk 0:00:27]} bxc5 {[%clk 0:07:53]} 40. Nc1 {[%clk 0:00:23]} Ng5+
{[%clk 0:07:44]} 41. Kg3 {[%clk 0:00:25]} Ne4+ {[%clk 0:07:48]} 42. Kf3
{[%clk 0:00:27]} Nxc3 {[%clk 0:07:50]} 43. a3 {[%clk 0:00:30]} Nb5
{[%clk 0:07:52]} 44. a4 {[%clk 0:00:31]} Nd4+ {[%clk 0:07:53]} 45. Ke3
{[%clk 0:00:33]} Ne6 {[%clk 0:07:53]} 46. h4 {[%clk 0:00:35]} Ng7
{[%clk 0:07:50]} 47. Nd3 {[%clk 0:00:34]} f5 {[%clk 0:07:49]} 48. Kf4
{[%clk 0:00:35]} c4 {[%clk 0:07:41]} 49. bxc4 {[%clk 0:00:36]} dxc4
{[%clk 0:07:45]} 50. Nc1 {[%clk 0:00:36]} fxg4 {[%clk 0:07:35]} 51. Kxg4
{[%clk 0:00:39]} Ne6 {[%clk 0:07:31]} 52. Kf3 {[%clk 0:00:42]} Kc5
{[%clk 0:07:31]} 53. Ke4 {[%clk 0:00:44]} Nd4 {[%clk 0:07:16]} 54. Ke3
{[%clk 0:00:45]} Nf5+ {[%clk 0:07:19]} 55. Kf4 {[%clk 0:00:47]} Nxh4
{[%clk 0:07:23]} 56. Kg5 {[%clk 0:00:50]} Nf3+ {[%clk 0:07:16]} 57. Kxg6
{[%clk 0:00:53]} Ne5+ {[%clk 0:07:20]} 58. Kf5 {[%clk 0:00:56]} Nd3
{[%clk 0:07:22]} 59. Ne2 {[%clk 0:00:57]} Nb2 {[%clk 0:07:03]} 60. a5
{[%clk 0:00:58]} Kb5 {[%clk 0:07:05]} 61. Ke4 {[%clk 0:00:59]} Kxa5
{[%clk 0:07:05]} 62. Kd4 {[%clk 0:01:02]} Kb4 {[%clk 0:07:06]} 63. Nc1
{[%clk 0:01:02]} a5 {[%clk 0:07:09]} 64. Na2+ {[%clk 0:01:05]} Kb3
{[%clk 0:07:13]} 65. Nc1+ {[%clk 0:01:09]} Kc2 {[%clk 0:07:01]} 66. Na2
{[%clk 0:01:12]} a4 {[%clk 0:06:58]} 67. Nb4+ {[%clk 0:01:14]} Kb3
{[%clk 0:07:01]} 68. Nd5 {[%clk 0:01:16]} a3 {[%clk 0:07:02]} 69. Nc3
{[%clk 0:01:19]} Nd1 {[%clk 0:06:51]} 70. Nb1 {[%clk 0:01:13]} a2
{[%clk 0:06:50]} 71. Nd2+ {[%clk 0:01:16]} Kc2 {[%clk 0:06:51]} 72. Nxc4
{[%clk 0:01:12]} a1=Q+ {[%clk 0:06:53]} 73. Kd5 {[%clk 0:01:12]} Nc3+
{[%clk 0:06:47]} 74. Kc5 {[%clk 0:01:15]} Qg1+ {[%clk 0:06:34]} 75. Kb4
{[%clk 0:01:17]} Qd4 {[%clk 0:08:28]} 76. Ka3 {[%clk 0:01:20]} Nb5+
{[%clk 0:08:29]} 77. Kb4 {[%clk 0:01:23]} Nd6 {[%clk 0:08:32]} 78. Ka3
{[%clk 0:01:24]} Nxc4+ {[%clk 0:08:35]} 79. Ka2 {[%clk 0:01:27]} Qb2#
{[%clk 0:08:34]} 0-1

[Event "MCR mladeze v rapidu 2019"]
[Site "Trest"]
[Date "2019.09.08"]
[Round "8"]
[White "Juhanak, Daniel"]
[Black "Gorej, Vojtech"]
[Result "1/2-1/2"]
[BlackElo "1567"]
[WhiteElo "1635"]
[LiveChessVersion "1.4.8"]

1. d4 Nf6 2. Nf3 e6 3. g3 c5 4. Bg2 d5 5. O-O Nc6 6. c4 cxd4 7. Nxd4 Nxd4 8. Qxd4
dxc4 9. Qxd8+ Kxd8 10. Nd2 Bc5 11. Nxc4 Ke7 12. Bf4 Rd8 13. Rfd1 Rxd1+ 14. Rxd1
Nh5 15. Bd6+ Bxd6 16. Nxd6 Rb8 17. Nxc8+ Rxc8 18. Bxb7 Rb8 19. Bf3 Nf6 20. b3 Rd8
21. Rxd8 Kxd8 22. Kf1 Kc7 23. e3 Kd6 24. Ke2 Kc5 25. a3 Nd7 26. Kd2 a5 27. Kc3 e5
28. b4+ axb4+ 29. axb4+ Kb5 30. Bh5 g6 31. Be2+ Kc6 32. b5+ Kc5 33. h4 h6 34. f4
exf4 35. gxf4 f6 36. e4 g5 37. hxg5 hxg5 38. fxg5 fxg5 39. Kd2 Nf6 40. Ke3 Ne8
41. Kf3 Nd6 42. e5 Nf5 43. Kg4 Nd4 44. Bd3 Kd5 45. Kxg5 Kxe5 46. b6 Nc6 47. b7
Kd6 48. Be4 Nb8 49. Kf4 Kc7 50. Ke3 Na6 51. Kd4 Kb8 52. Kc4 Nc7 53. Kc5 Ne6+ 54.
Kd6 1/2-1/2

[Event "MCR mladeze v rapidu 2019"]
[Site "Trest"]
[Date "2019.09.08"]
[Round "8"]
[White "Jasso, Matej"]
[Black "Belaska, Vaclav"]
[Result "1-0"]
[BlackElo "1466"]
[WhiteElo "1553"]
[LiveChessVersion "1.4.8"]

1. e4 c5 2. Nf3 d6 3. d4 cxd4 4. Nxd4 Nf6 5. Nc3 a6 6. f3 e5 7. Nb3 Be7 8. Be3
Nc6 9. Qd2 O-O 10. O-O-O Be6 11. Be2 Rc8 12. h4 b5 13. g4 b4 14. Nd5 Bxd5 15.
exd5 Nd4 16. Bxd4 exd4 17. Qxd4 a5 18. g5 Nh5 19. Qg4 g6 20. Ba6 Rc7 21. Bb5 Qc8
22. Bc6 Qxg4 23. fxg4 Ng3 24. Rh3 Ne2+ 25. Kd2 Rxc6 26. dxc6 Nf4 27. Rf3 Nd5 28.
Kc1 Nb6 29. Re3 Bd8 30. Rde1 a4 31. Nd4 Nc4 32. Re8 Bb6 33. Rxf8+ Kxf8 34. Nb5
Be3+ 35. Rxe3 Nxe3 36. c7 1-0

[Event "MCR mladeze v rapidu 2019"]
[Site "Trest"]
[Date "2019.09.08"]
[Round "8"]
[White "Buchtova, Viktorie"]
[Black "Slivova, Linda"]
[Result "1-0"]
[BlackElo "1121"]
[WhiteElo "1325"]
[LiveChessVersion "1.4.8"]

1. e4 {[%clk 0:20:06]} c6 {[%clk 0:20:07]} 2. d4 {[%clk 0:19:48]} d5
{[%clk 0:20:07]} 3. exd5 {[%clk 0:19:44]} cxd5 {[%clk 0:20:10]} 4. Nf3
{[%clk 0:19:46]} Nf6 {[%clk 0:20:12]} 5. Nc3 {[%clk 0:19:33]} Nc6
{[%clk 0:20:11]} 6. Bb5 {[%clk 0:19:34]} Bd7 {[%clk 0:20:12]} 7. O-O
{[%clk 0:19:35]} e6 {[%clk 0:20:14]} 8. Bg5 {[%clk 0:19:36]} Bd6 {[%clk 0:20:09]}
9. Re1 {[%clk 0:19:37]} O-O {[%clk 0:20:10]} 10. Qd3 {[%clk 0:17:43]} h6
{[%clk 0:20:01]} 11. Bh4 {[%clk 0:17:46]} Re8 {[%clk 0:19:48]} 12. Rad1
{[%clk 0:17:04]} a6 {[%clk 0:19:50]} 13. Ba4 {[%clk 0:17:00]} b5 {[%clk 0:19:52]}
14. Bb3 {[%clk 0:16:58]} Na5 {[%clk 0:19:02]} 15. Ne5 {[%clk 0:15:35]} Be7
{[%clk 0:18:16]} 16. Qf3 {[%clk 0:14:19]} Nc4 {[%clk 0:17:53]} 17. Bxc4
{[%clk 0:14:02]} bxc4 {[%clk 0:17:05]} 18. Qg3 {[%clk 0:12:15]} Rb8
{[%clk 0:16:19]} 19. b3 {[%clk 0:12:06]} cxb3 {[%clk 0:16:12]} 20. axb3
{[%clk 0:12:09]} Rc8 {[%clk 0:15:27]} 21. Re3 {[%clk 0:10:50]} Bb5
{[%clk 0:14:00]} 22. Rf3 {[%clk 0:09:33]} Nd7 23. Bxe7 {[%clk 0:07:48]} Qxe7
{[%clk 0:12:32]} 24. Nxb5 {[%clk 0:07:38]} Nxe5 {[%clk 0:12:11]} 25. Qxe5
{[%clk 0:06:59]} axb5 {[%clk 0:11:51]} 26. Rg3 {[%clk 0:06:49]} f6 27. Qh5
{[%clk 0:06:39]} Kf8 {[%clk 0:10:07]} 28. Qg6 {[%clk 0:06:18]} Qf7
{[%clk 0:09:45]} 29. Qh7 {[%clk 0:05:13]} Rc7 {[%clk 0:08:27]} 30. Qd3 Rec8 31.
Rd2 {[%clk 0:03:21]} Ra8 {[%clk 0:07:11]} 32. h3 {[%clk 0:02:58]} Rac8
{[%clk 0:06:06]} 33. Re3 {[%clk 0:02:51]} Qd7 {[%clk 0:05:29]} 34. Rde2
{[%clk 0:02:41]} Qc6 35. Rxe6 Qd7 {[%clk 0:03:48]} 36. Qf5 {[%clk 0:01:35]} Qf7
{[%clk 0:03:25]} 37. Qxd5 {[%clk 0:00:48]} Re8 38. Rxe8+ {[%clk 0:00:50]} Qxe8
{[%clk 0:03:06]} 39. Rxe8+ {[%clk 0:00:53]} Kxe8 {[%clk 0:03:08]} 40. Qxb5+
{[%clk 0:00:44]} Ke7 {[%clk 0:03:11]} 41. Qb4+ Kd8 42. Qd2 {[%clk 0:00:34]} Rd7
{[%clk 0:03:15]} 43. d5 {[%clk 0:00:37]} Kc7 {[%clk 0:03:18]} 44. c4
{[%clk 0:00:41]} g5 {[%clk 0:03:16]} 45. b4 {[%clk 0:00:45]} Kb6 {[%clk 0:03:17]}
46. c5+ {[%clk 0:00:47]} Kc7 {[%clk 0:03:14]} 47. b5 {[%clk 0:00:46]} Kc8
{[%clk 0:03:09]} 1-0

[Event "MCR mladeze v rapidu 2019"]
[Site "Trest"]
[Date "2019.09.08"]
[Round "8"]
[White "Horkova, Tereza"]
[Black "Brezikova, Beata"]
[Result "1-0"]
[BlackElo "1189"]
[WhiteElo "1289"]
[LiveChessVersion "1.4.8"]

1. e4 {[%clk 0:20:09]} e5 {[%clk 0:20:08]} 2. Nf3 {[%clk 0:20:13]} Nc6
{[%clk 0:20:11]} 3. Bc4 {[%clk 0:20:16]} Nf6 {[%clk 0:20:07]} 4. Ng5
{[%clk 0:20:20]} d5 {[%clk 0:20:03]} 5. exd5 {[%clk 0:20:24]} Nxd5
{[%clk 0:19:52]} 6. Nxf7 {[%clk 0:20:27]} Kxf7 {[%clk 0:19:41]} 7. Qf3+
{[%clk 0:20:31]} Ke8 {[%clk 0:18:31]} 8. Bxd5 {[%clk 0:20:31]} Qe7
{[%clk 0:17:53]} 9. Bxc6+ {[%clk 0:20:22]} bxc6 {[%clk 0:14:53]} 10. Qxc6+
{[%clk 0:20:23]} Bd7 {[%clk 0:14:50]} 11. Qxa8+ {[%clk 0:20:25]} Qd8
{[%clk 0:14:45]} 12. Qxd8+ {[%clk 0:20:18]} Kxd8 {[%clk 0:14:47]} 13. O-O
{[%clk 0:20:20]} Bd6 {[%clk 0:14:41]} 14. Nc3 {[%clk 0:20:22]} Rf8
{[%clk 0:14:32]} 15. d3 {[%clk 0:20:22]} Bc6 {[%clk 0:14:03]} 16. Bg5+
{[%clk 0:20:09]} Kd7 {[%clk 0:13:43]} 17. Rfe1 {[%clk 0:20:03]} Rf5
{[%clk 0:13:27]} 18. Be3 {[%clk 0:19:49]} a6 {[%clk 0:13:08]} 19. Rad1
{[%clk 0:19:42]} h6 {[%clk 0:12:11]} 20. Ne4 {[%clk 0:19:34]} Be7
{[%clk 0:11:07]} 21. Nc5+ {[%clk 0:19:25]} Bxc5 {[%clk 0:10:27]} 22. Bxc5
{[%clk 0:19:27]} Kc8 {[%clk 0:09:33]} 23. Re3 {[%clk 0:19:04]} Rg5
{[%clk 0:08:05]} 24. Rg3 {[%clk 0:19:01]} Rxg3 25. fxg3 {[%clk 0:18:59]} h5
{[%clk 0:07:50]} 26. Re1 {[%clk 0:19:02]} g6 {[%clk 0:07:47]} 27. Rxe5
{[%clk 0:19:05]} Kd7 {[%clk 0:07:21]} 28. Re7+ {[%clk 0:19:05]} Kc8
{[%clk 0:07:20]} 29. Rg7 {[%clk 0:19:06]} Bd5 {[%clk 0:06:45]} 30. Rxg6
{[%clk 0:19:07]} Bxa2 {[%clk 0:06:38]} 31. g4 {[%clk 0:19:10]} hxg4
{[%clk 0:06:35]} 32. Rxg4 {[%clk 0:19:13]} Be6 {[%clk 0:06:33]} 33. Re4
{[%clk 0:19:15]} Bd7 {[%clk 0:06:20]} 34. h4 {[%clk 0:19:18]} Kb8
{[%clk 0:06:21]} 35. h5 {[%clk 0:19:21]} Bf5 {[%clk 0:06:15]} 36. Rf4
{[%clk 0:19:21]} Bd7 {[%clk 0:06:15]} 37. h6 {[%clk 0:19:24]} Be6
{[%clk 0:06:12]} 38. h7 {[%clk 0:19:27]} Bd7 {[%clk 0:06:12]} 39. h8=Q+
{[%clk 0:19:26]} Bc8 {[%clk 0:06:13]} 40. Rb4+ {[%clk 0:19:25]} Ka8
{[%clk 0:06:02]} 41. Qxc8# 1-0

[Event "MCR mladeze v rapidu 2019"]
[Site "Trest"]
[Date "2019.09.08"]
[Round "8"]
[White "Barteckova, Valerie"]
[Black "Day, Sophia Olivia"]
[Result "1-0"]
[BlackElo "1159"]
[WhiteElo "1282"]
[LiveChessVersion "1.4.8"]

1. e4 {[%clk 0:20:08]} e5 {[%clk 0:20:07]} 2. Nf3 {[%clk 0:20:11]} Nc6
{[%clk 0:20:09]} 3. Nc3 {[%clk 0:20:14]} Nf6 {[%clk 0:20:12]} 4. Bb5
{[%clk 0:20:16]} Bc5 {[%clk 0:20:09]} 5. O-O {[%clk 0:20:14]} O-O
{[%clk 0:20:06]} 6. d3 {[%clk 0:20:12]} Re8 {[%clk 0:19:54]} 7. Bg5
{[%clk 0:20:08]} h6 {[%clk 0:19:20]} 8. Bh4 {[%clk 0:20:11]} a6 {[%clk 0:18:30]}
9. Ba4 {[%clk 0:20:14]} b5 {[%clk 0:18:22]} 10. Bb3 {[%clk 0:20:16]} Be7
{[%clk 0:17:01]} 11. Re1 {[%clk 0:20:00]} d6 {[%clk 0:16:41]} 12. h3
{[%clk 0:19:52]} Rb8 {[%clk 0:16:31]} 13. a3 {[%clk 0:19:23]} Bb7
{[%clk 0:16:18]} 14. Ne2 {[%clk 0:19:03]} Nh5 {[%clk 0:14:39]} 15. Bg3
{[%clk 0:18:14]} Nxg3 {[%clk 0:14:35]} 16. Nxg3 {[%clk 0:18:16]} Qd7
{[%clk 0:13:24]} 17. c3 {[%clk 0:17:42]} a5 {[%clk 0:12:16]} 18. Nh2
{[%clk 0:17:09]} a4 {[%clk 0:12:04]} 19. Ba2 {[%clk 0:17:06]} Bh4
{[%clk 0:11:14]} 20. Qf3 {[%clk 0:16:48]} Bc8 {[%clk 0:09:42]} 21. Rad1
{[%clk 0:14:44]} Bxg3 {[%clk 0:08:30]} 22. Qxg3 {[%clk 0:14:31]} Qe7
{[%clk 0:07:29]} 23. Re3 {[%clk 0:12:36]} Be6 {[%clk 0:06:32]} 24. Bxe6
{[%clk 0:11:50]} Qxe6 {[%clk 0:06:32]} 25. Ng4 {[%clk 0:11:29]} h5
{[%clk 0:05:56]} 26. Nh2 {[%clk 0:11:03]} Rf8 {[%clk 0:04:51]} 27. d4
{[%clk 0:10:46]} Rbd8 {[%clk 0:04:14]} 28. d5 {[%clk 0:10:39]} Qe8
{[%clk 0:03:33]} 29. dxc6 {[%clk 0:10:39]} Qxc6 {[%clk 0:03:34]} 30. Qg5
{[%clk 0:09:58]} h4 {[%clk 0:02:52]} 31. Qxh4 {[%clk 0:09:23]} Rd7
{[%clk 0:02:16]} 32. Ng4 {[%clk 0:08:47]} Rfd8 {[%clk 0:01:51]} 33. Rg3
{[%clk 0:08:17]} Kf8 {[%clk 0:00:53]} 34. Nh2 {[%clk 0:06:08]} d5
{[%clk 0:00:33]} 35. exd5 {[%clk 0:06:00]} Rxd5 {[%clk 0:00:33]} 36. Rxd5
{[%clk 0:05:54]} Qxd5 {[%clk 0:00:21]} 37. Qh8+ {[%clk 0:05:27]} Ke7
{[%clk 0:00:19]} 38. Qxg7 {[%clk 0:04:58]} Qd1+ 39. Nf1 1-0